000 00680nam a2200217Ia 4500
003 GCL
005 20240530102139.0
008 140319s9999 xx 000 0 ara d
040 _aGCL /
_cGCL
082 0 4 _a811.094
_bا ا
100 1 _aاحمد هيكل
245 1 0 _aاصداء الناى : شعر /
_cاحمد هيكل
260 _a[S.N] :
_bالهيئة المصرية العامة للكتاب ،
_c1980
300 _a165 ص
650 0 4 _aالشعر العربى
650 0 4 _aالادب العربى
650 0 4 _aالعصر الحديث
650 0 4 _aدواوين وقصائد
650 0 4 _aالشعر العربى - العصر الحديث
942 _2ddc
_cBK
999 _c30122
_d30122